[Event "CYCC U08"]
[Site "Windsor CAN"]
[Date "2016.07.06"]
[Round "3.120"]
[White "Duong, Eric"]
[Black "Wang, Daniel"]
[Result "0-1"]
[WhiteElo "754"]
[BlackElo "1144"]
[PlyCount "48"]
[EventDate "2016.07.05"]
[EventType "swiss"]
[EventRounds "7"]
[EventCountry "CAN"]

1. d4 d5 2. Nf3 Nf6 3. Bf4 Bf5 4. e3 Nbd7 5. Bd3 Bxd3 6. Qxd3 e6 7. Nbd2 Be7 8.
c3 O-O 9. Ne5 Rc8 10. Ndf3 Ne4 11. Nd2 Ndf6 12. f3 Nd6 13. O-O-O c5 14. Kb1 c4
15. Qe2 Nb5 16. Ndxc4 dxc4 17. Nxc4 Nd5 18. Rd3 Rxc4 19. Be5 Qb6 20. Rc1 Ndxc3+
21. Rcxc3 Nxc3+ 22. Rxc3 Rxc3 23. b3 Ba3 24. d5 Rc1# 0-1

[Event "CYCC U08"]
[Site "Windsor CAN"]
[Date "2016.07.06"]
[Round "3.121"]
[White "Puri, Aryan"]
[Black "Zhang, Angus"]
[Result "0-1"]
[WhiteElo "724"]
[BlackElo "1031"]
[PlyCount "70"]
[EventDate "2016.07.05"]
[EventType "swiss"]
[EventRounds "7"]
[EventCountry "CAN"]

1. e4 e5 2. Nf3 Nc6 3. Nc3 Nf6 4. d3 h6 5. g3 Bc5 6. Bg2 O-O 7. O-O d6 8. Bd2
Bg4 9. Nb5 a6 10. Nc3 Nd4 11. a3 a5 12. Be3 Re8 13. Bxd4 Bxd4 14. Ne2 Bxf3 15.
Bxf3 Bxb2 16. Ra2 Bd4 17. c3 Bc5 18. d4 exd4 19. cxd4 Bb6 20. Nf4 c5 21. Nh5
cxd4 22. Nxf6+ Qxf6 23. Bh5 Rxe4 24. Bf3 Re5 25. Bxb7 Rb8 26. Bc6 d5 27. Rb2
Qxc6 28. Qf3 Rbe8 29. Rfb1 Qf6 30. Qd3 Rc8 31. Qa6 Rb8 32. Rc1 Rbe8 33. Rbc2 d3
34. Rb2 Bxf2+ 35. Kh1 Qf3# 0-1

[Event "CYCC U08"]
[Site "Windsor CAN"]
[Date "2016.07.06"]
[Round "3.122"]
[White "Li, Eric M"]
[Black "Locham, Divjot"]
[Result "0-1"]
[WhiteElo "947"]
[BlackElo "698"]
[PlyCount "48"]
[EventDate "2016.07.05"]
[EventType "swiss"]
[EventRounds "7"]
[EventCountry "CAN"]

1. d4 c5 2. e3 cxd4 3. exd4 e6 4. c4 Bb4+ 5. Bd2 Bxd2+ 6. Nxd2 Nf6 7. Ngf3 O-O
8. Bd3 Nc6 9. O-O d6 10. Ne4 Re8 11. Re1 Nxe4 12. Bxe4 f5 13. Bd3 Bd7 14. Qd2
Qe7 15. d5 Nd8 16. dxe6 Nxe6 17. Nd4 Qf6 18. Nxe6 Bxe6 19. Re2 Re7 20. Rae1
Rae8 21. Qf4 Bd7 22. Rxe7 Rxe7 23. Rxe7 Qxe7 24. Bxf5 Qe1# 0-1

[Event "CYCC U08"]
[Site "Windsor CAN"]
[Date "2016.07.06"]
[Round "3.124"]
[White "Zheng, Leon"]
[Black "Yuan, Daniel"]
[Result "1/2-1/2"]
[WhiteElo "604"]
[BlackElo "855"]
[PlyCount "59"]
[EventDate "2016.07.05"]
[EventType "swiss"]
[EventRounds "7"]
[EventCountry "CAN"]

1. e4 e5 2. Nf3 Nc6 3. d4 exd4 4. Nxd4 Bc5 5. Nb3 Bb6 6. Bb5 Ne5 7. Bf4 Ng6 8.
Bg3 Nf6 9. Nc3 O-O 10. O-O a6 11. Bc4 Qe7 12. Re1 Ne5 13. Bh4 Nxc4 14. Bg3 Nxb2
15. Qf3 d6 16. e5 dxe5 17. Bxe5 Nd7 18. Bxg7 Qg5 19. Bxf8 Nxf8 20. Ne4 Qg6 21.
Nf6+ Kg7 22. Nh5+ Kh8 23. Re8 Bg4 24. Qc3+ Kg8 25. Rxa8 Na4 26. Nf6+ Kg7 27.
Ne8+ Kg8 28. Qe5 Bh3 29. Nf6+ Kg7 30. Nh5+ 1/2-1/2

[Event "CYCC U08"]
[Site "Windsor CAN"]
[Date "2016.07.06"]
[Round "3.126"]
[White "Deng, Henry"]
[Black "Taylor, Aiden"]
[Result "0-1"]
[WhiteElo "1050"]
[BlackElo "582"]
[PlyCount "36"]
[EventDate "2016.07.05"]
[EventType "swiss"]
[EventRounds "7"]
[EventCountry "CAN"]

1. d4 e6 2. Bf4 Nf6 3. c3 Be7 4. Nf3 O-O 5. e3 c5 6. Bb5 cxd4 7. Qxd4 a6 8. a4
axb5 9. axb5 Rxa1 10. Ke2 Qa5 11. b4 Qa2+ 12. Kd3 Qb2 13. Bxb8 Ra2 14. Nbd2
Qc2+ 15. Kc4 d5+ 16. Qxd5 exd5+ 17. Kd4 Ne4 18. Nxe4 Qxe4# 0-1

[Event "CYCC U08"]
[Site "Windsor CAN"]
[Date "2016.07.07"]
[Round "4.129"]
[White "Boucher, Samuel"]
[Black "Baweja, Aayan"]
[Result "0-1"]
[WhiteElo "647"]
[BlackElo "473"]
[PlyCount "24"]
[EventDate "2016.07.05"]
[EventType "swiss"]
[EventRounds "7"]
[EventCountry "CAN"]

1. e4 e5 2. Bc4 Nf6 3. Nc3 Bc5 4. a4 O-O 5. Nf3 Nc6 6. O-O Nxe4 7. Nxe4 d5 8.
Bxd5 Qxd5 9. Re1 Qe6 10. Nxc5 Qg6 11. Ra3 Bh3 12. Kh1 Qxg2# 0-1

[Event "CYCC U08"]
[Site "Windsor CAN"]
[Date "2016.07.07"]
[Round "4.113"]
[White "Ning, Eric"]
[Black "Zhong, Kevin"]
[Result "0-1"]
[WhiteElo "1634"]
[BlackElo "1335"]
[PlyCount "114"]
[EventDate "2016.07.05"]
[EventType "swiss"]
[EventRounds "7"]
[EventCountry "CAN"]

1. d4 d5 2. c4 e6 3. Nc3 c5 4. cxd5 exd5 5. Nf3 Nc6 6. Bf4 Nf6 7. h3 c4 8. e3
Bb4 9. Be2 O-O 10. O-O Bxc3 11. bxc3 Ne4 12. Rc1 Bf5 13. Nd2 Nf6 14. Ra1 b5 15.
Nb1 Ne4 16. Bf3 Qa5 17. Bxe4 Bxe4 18. Qd2 Rfd8 19. a3 Qa4 20. Qb2 Bd3 21. Re1
a5 22. Nd2 b4 23. axb4 Qb5 24. e4 axb4 25. Rxa8 Rxa8 26. exd5 Qxd5 27. cxb4
Nxd4 28. Re5 Ne2+ 29. Kh2 Qd7 30. Bg3 c3 31. Qb3 cxd2 32. Re3 Bc2 33. Qxc2 d1=Q
34. Qxe2 Qxe2 35. Rxe2 Re8 36. Ra2 Qb5 37. Bd6 h6 38. Bc5 Re1 39. Ra3 Qb8+ 40.
Rg3 h5 41. h4 Qf4 42. Be3 Qxh4+ 43. Rh3 Qxb4 44. Rxh5 Qb8+ 45. Kh3 Rh1+ 46. Kg4
Qc8+ 47. Kg5 f6+ 48. Kf4 Rxh5 49. Kf3 Qf5+ 50. Ke2 Qg4+ 51. Kd2 Rd5+ 52. Kc3
Qc8+ 53. Kb4 Rd7 54. Kb5 Rb7+ 55. Bb6 Qc7 56. Kb4 Rxb6+ 57. Ka4 Qa7# 0-1

[Event "CYCC U08"]
[Site "Windsor CAN"]
[Date "2016.07.07"]
[Round "4.115"]
[White "Xu, Daniel"]
[Black "Yuen, Noah"]
[Result "1-0"]
[WhiteElo "1519"]
[BlackElo "1072"]
[PlyCount "127"]
[EventDate "2016.07.05"]
[EventType "swiss"]
[EventRounds "7"]
[EventCountry "CAN"]

1. d4 e6 2. c4 c5 3. e3 Nf6 4. Nf3 cxd4 5. exd4 d5 6. Nc3 Bb4 7. Be2 dxc4 8.
Bxc4 O-O 9. Bg5 h6 10. Bh4 Nc6 11. O-O Be7 12. Bg3 a6 13. h3 b5 14. Be2 Qb6 15.
Qd2 Rd8 16. Rfd1 Bb7 17. Bf4 Bf8 18. Be3 Qc7 19. a3 Rac8 20. Rac1 Nd5 21. Nxd5
Rxd5 22. Ne5 Qd8 23. Nxc6 Bxc6 24. Bf4 Rd7 25. Qe3 Qf6 26. Bg3 Bd6 27. Bxd6
Rxd6 28. Bf3 Bd7 29. Rxc8+ Bxc8 30. Qc3 Qd8 31. Rc1 Bd7 32. Qc5 Be8 33. Rd1 Qb8
34. d5 exd5 35. Bxd5 Rf6 36. Qe7 Qb6 37. Qxe8+ Kh7 38. Qe3 Qxe3 39. fxe3 g6 40.
e4 h5 41. b4 Kh6 42. Rc1 h4 43. Rc6 Rxc6 44. Bxc6 Kg5 45. Bb7 Kf4 46. Bxa6 Kxe4
47. Bxb5 Kd5 48. a4 Kd6 49. Kf2 f5 50. Be8 g5 51. Bg6 f4 52. Kf3 Kd5 53. Be4+
Kd6 54. a5 Kc7 55. Kg4 Kd6 56. a6 Kc7 57. a7 Kb6 58. a8=Q Kb5 59. Qb7+ Kc4 60.
Qc6+ Kxb4 61. Bd5 Ka5 62. Qb7 Ka4 63. Bc4 Ka3 64. Qb3# 1-0

[Event "CYCC U08"]
[Site "Windsor CAN"]
[Date "2016.07.07"]
[Round "4.116"]
[White "Chang, Alexander RZ"]
[Black "Chandra, Anand Rishi"]
[Result "1-0"]
[WhiteElo "886"]
[BlackElo "1310"]
[PlyCount "109"]
[EventDate "2016.07.05"]
[EventType "swiss"]
[EventRounds "7"]
[EventCountry "CAN"]

1. e4 e5 2. Nf3 Nc6 3. Bc4 Bc5 4. c3 Nf6 5. d4 exd4 6. e5 Ng4 7. cxd4 Bb4+ 8.
Nc3 d6 9. h3 Nh6 10. Bxh6 gxh6 11. O-O Rg8 12. Kh2 Bxc3 13. bxc3 d5 14. Bd3 Rg7
15. Qc2 Be6 16. Bxh7 Qe7 17. Bd3 O-O-O 18. Qa4 Bd7 19. Qb3 Rdg8 20. Rg1 Be6 21.
Rab1 Na5 22. Qb4 Qxb4 23. Rxb4 Nc6 24. Rb2 Ne7 25. Nh4 c6 26. g3 Kc7 27. f4 Ng6
28. Ng2 Ne7 29. Ne3 Bd7 30. Rbg2 Rf8 31. f5 Rgg8 32. g4 Nc8 33. Kg3 h5 34. Kf4
hxg4 35. hxg4 Rh8 36. Kg3 Rh6 37. Rh2 Rfh8 38. Rgh1 Rxh2 39. Rxh2 Rxh2 40. Kxh2
Nb6 41. Kg3 Na4 42. Nd1 Kd8 43. g5 Ke7 44. Kf4 Be8 45. f6+ Kf8 46. Bf5 Nb6 47.
e6 fxe6 48. Bxe6 Bg6 49. Bf5 Be8 50. g6 a6 51. Kg5 Bd7 52. Ne3 Be8 53. g7+ Kg8
54. Kh6 Na4 55. Bh7+ 1-0

[Event "CYCC U08"]
[Site "Windsor CAN"]
[Date "2016.07.07"]
[Round "4.117"]
[White "Locham, Divjot"]
[Black "Qin, Vincent"]
[Result "0-1"]
[WhiteElo "698"]
[BlackElo "1168"]
[PlyCount "108"]
[EventDate "2016.07.05"]
[EventType "swiss"]
[EventRounds "7"]
[EventCountry "CAN"]

1. e4 e5 2. Nf3 Nc6 3. Nc3 Bc5 4. Bc4 Nf6 5. O-O d6 6. d3 O-O 7. Be3 Bb6 8. h3
Nd4 9. Re1 Be6 10. Bb3 a5 11. a4 c6 12. Bc4 d5 13. exd5 cxd5 14. Ba2 e4 15.
Nxd4 Bxd4 16. Bxd4 Bxh3 17. gxh3 Qd7 18. Bxf6 gxf6 19. Nxd5 Qxh3 20. Nxf6+ Kh8
21. Re3 Rg8+ 22. Nxg8 Rxg8+ 23. Rg3 Rxg3+ 24. fxg3 Qxg3+ 25. Kf1 Qh3+ 26. Ke2
Qf3+ 27. Kd2 e3+ 28. Kc1 e2 29. Qe1 Qf1 30. Qxf1 exf1=Q+ 31. Kd2 Qxa1 32. Bxf7
Qxb2 33. Bd5 b5 34. axb5 Qxb5 35. Bc4 Qb4+ 36. c3 Qb2+ 37. Ke3 a4 38. Kd4 a3
39. Bd5 a2 40. Bxa2 Qxa2 41. c4 h5 42. c5 h4 43. c6 h3 44. c7 Qa7+ 45. Ke4 Qxc7
46. Kf3 Qh2 47. d4 Qg1 48. d5 h2 49. d6 h1=Q+ 50. Kf4 Qhh2+ 51. Kf5 Qe2 52. d7
Qgf1+ 53. Kg5 Qeg2+ 54. Kh4 Qfh1# 0-1

[Event "CYCC U08"]
[Site "Windsor CAN"]
[Date "2016.07.07"]
[Round "4.118"]
[White "Wang, Daniel"]
[Black "Guo, Yu Chen"]
[Result "1-0"]
[WhiteElo "1144"]
[BlackElo "495"]
[PlyCount "61"]
[EventDate "2016.07.05"]
[EventType "swiss"]
[EventRounds "7"]
[EventCountry "CAN"]

1. e4 e5 2. Nf3 Nc6 3. c3 Bc5 4. d4 exd4 5. cxd4 Bb4+ 6. Bd2 Nf6 7. d5 Bxd2+ 8.
Nbxd2 Na5 9. b4 d6 10. bxa5 Bg4 11. h3 Bxf3 12. Qxf3 c6 13. Be2 Qxa5 14. dxc6
bxc6 15. Qd3 Rd8 16. O-O O-O 17. Nc4 Qg5 18. Bf3 d5 19. exd5 cxd5 20. Ne3 Rfe8
21. Qf5 Qh6 22. Rfe1 d4 23. Ng4 Nxg4 24. Qxg4 d3 25. Rad1 Qc1 26. Rxe8+ Rxe8
27. Rxc1 d2 28. Rd1 Re1+ 29. Kh2 a5 30. Qc8+ Re8 31. Qxe8# 1-0

[Event "CYCC U08"]
[Site "Windsor CAN"]
[Date "2016.07.07"]
[Round "4.120"]
[White "Yuan, Daniel"]
[Black "Li, Adam"]
[Result "0-1"]
[WhiteElo "855"]
[BlackElo "414"]
[PlyCount "62"]
[EventDate "2016.07.05"]
[EventType "swiss"]
[EventRounds "7"]
[EventCountry "CAN"]

1. e4 e5 2. Nf3 Nc6 3. d4 Nf6 4. dxe5 Nxe4 5. Bd3 Nc5 6. Bc4 Be7 7. O-O O-O 8.
Be3 d6 9. exd6 Bxd6 10. Nc3 Bg4 11. h3 Bh5 12. Nd5 Ne5 13. Be2 Nxf3+ 14. Bxf3
Bxf3 15. Qxf3 Re8 16. Qg4 Ne6 17. Bh6 Bc5 18. Nf4 g6 19. Rad1 Qc8 20. Nd5 Qd8
21. Nf4 Qc8 22. Nh5 Be7 23. Nf4 Nxf4 24. Qxf4 Rd8 25. Qe5 Bf8 26. Bg5 Rxd1 27.
Rxd1 Qf5 28. Qxf5 gxf5 29. Rd7 Re8 30. Rxc7 Bd6 31. Rxb7 Re1# 0-1

[Event "CYCC U08"]
[Site "Windsor CAN"]
[Date "2016.07.07"]
[Round "4.121"]
[White "Zheng, Leon"]
[Black "Ripley, Sam"]
[Result "0-1"]
[WhiteElo "604"]
[BlackElo "697"]
[PlyCount "66"]
[EventDate "2016.07.05"]
[EventType "swiss"]
[EventRounds "7"]
[EventCountry "CAN"]

1. e4 c5 2. Bc4 d6 3. Nf3 Nf6 4. d4 Nxe4 5. Nfd2 Nxd2 6. Bxd2 cxd4 7. Qf3 e6 8.
O-O g6 9. Re1 d5 10. Bb5+ Bd7 11. Bxd7+ Nxd7 12. Qf4 Bg7 13. Bb4 d3 14. Re3
dxc2 15. Rf3 c1=Q+ 16. Qxc1 Rc8 17. Qf4 f5 18. Nd2 Qc7 19. h3 Ne5 20. Rc3 Qd7
21. Rxc8+ Qxc8 22. Qg5 Nc6 23. Rc1 Qd8 24. Qe3 Qd7 25. a4 Nxb4 26. Nf3 O-O 27.
Qxa7 Bxb2 28. Rd1 Ba3 29. Ra1 Nc2 30. Ne5 Qc7 31. Rd1 Qxe5 32. Qxb7 Bd6 33. Rd3
Qe1# 0-1

[Event "CYCC U08"]
[Site "Windsor CAN"]
[Date "2016.07.07"]
[Round "4.124"]
[White "Taylor, Aiden"]
[Black "Li, Eric M"]
[Result "0-1"]
[WhiteElo "582"]
[BlackElo "947"]
[PlyCount "30"]
[EventDate "2016.07.05"]
[EventType "swiss"]
[EventRounds "7"]
[EventCountry "CAN"]

1. e4 e5 2. Nf3 Nc6 3. Be2 Bc5 4. O-O Nf6 5. Nc3 O-O 6. Bc4 d6 7. d3 Bg4 8. Bg5
Nd4 9. Bxf6 Qxf6 10. Nd5 Nxf3+ 11. Kh1 Qh4 12. h3 Ng5 13. Ne7+ Kh8 14. f3 Bxh3
15. gxh3 Qxh3# 0-1

[Event "CYCC U08"]
[Site "Windsor CAN"]
[Date "2016.07.07"]
[Round "4.126"]
[White "Chen, Andrew"]
[Black "Ho, Emmett"]
[Result "1-0"]
[WhiteElo "799"]
[BlackElo "664"]
[PlyCount "45"]
[EventDate "2016.07.05"]
[EventType "swiss"]
[EventRounds "7"]
[EventCountry "CAN"]

1. e4 e5 2. Bc4 Nc6 3. Nf3 Nf6 4. Ng5 Bc5 5. Nxf7 Qe7 6. Nxh8 d6 7. O-O Bd7 8.
Nc3 O-O-O 9. d3 Rxh8 10. a3 Rd8 11. b4 Bd4 12. Bb2 Bg4 13. Qd2 Bxc3 14. Bxc3 a6
15. a4 Bd7 16. b5 axb5 17. axb5 Nb8 18. Ra8 Ng4 19. f3 Nh6 20. d4 exd4 21. Bxd4
Qh4 22. Ba7 b6 23. Rxb8# 1-0

[Event "CYCC U08"]
[Site "Windsor CAN"]
[Date "2016.07.07"]
[Round "4.127"]
[White "Mane, Arnav"]
[Black "Duong, Eric"]
[Result "1-0"]
[WhiteElo "675"]
[BlackElo "754"]
[PlyCount "33"]
[EventDate "2016.07.05"]
[EventType "swiss"]
[EventRounds "7"]
[EventCountry "CAN"]

1. e4 c5 2. c3 Nc6 3. d4 cxd4 4. cxd4 e5 5. Nf3 exd4 6. Nxd4 Nxd4 7. Qxd4 Qf6
8. e5 Qe6 9. Bc4 Qb6 10. Be3 Qxd4 11. Bxd4 d6 12. exd6 f6 13. Bb5+ Kd8 14. O-O
Bxd6 15. Rd1 a6 16. Bb6+ Ke7 17. Re1+ 1-0

[Event "CYCC U08"]
[Site "Windsor CAN"]
[Date "2016.07.07"]
[Round "5.130"]
[White "Baweja, Aayan"]
[Black "Taylor, Aiden"]
[Result "1-0"]
[WhiteElo "473"]
[BlackElo "582"]
[PlyCount "55"]
[EventDate "2016.07.05"]
[EventType "swiss"]
[EventRounds "7"]
[EventCountry "CAN"]

1. e4 e5 2. Nf3 Nc6 3. Nc3 Nf6 4. g3 Bc5 5. Nxe5 Nxe5 6. d4 Bb6 7. dxe5 Ng8 8.
Bg2 f6 9. exf6 Nxf6 10. O-O O-O 11. Bg5 d6 12. Nd5 Nxd5 13. Bxd8 Rxd8 14. exd5
Bd7 15. Be4 Ba5 16. Qh5 Kf8 17. Bxh7 Bb5 18. Rfd1 Re8 19. Qf3+ Ke7 20. Bg6 Rf8
21. Qe4+ Kd8 22. Qh4+ Kc8 23. Rd4 Bb6 24. Rf4 Rxf4 25. Qxf4 Kd7 26. Qf7+ Kd8
27. Qf8+ Kd7 28. Bf5# 1-0

[Event "CYCC U08"]
[Site "Windsor CAN"]
[Date "2016.07.07"]
[Round "5.131"]
[White "Deng, Henry"]
[Black "Boucher, Samuel"]
[Result "0-1"]
[WhiteElo "1050"]
[BlackElo "647"]
[PlyCount "96"]
[EventDate "2016.07.05"]
[EventType "swiss"]
[EventRounds "7"]
[EventCountry "CAN"]

1. e4 e5 2. Bc4 Nf6 3. Nf3 Nc6 4. O-O Be7 5. d3 O-O 6. Bg5 h6 7. Bxf6 Bxf6 8.
Nc3 d5 9. Bxd5 Ne7 10. Qd2 Bd7 11. Bxb7 Rb8 12. Nd5 Rxb7 13. Nxe7+ Qxe7 14. c4
Rfb8 15. b3 Bg5 16. Nxg5 hxg5 17. Rae1 Rb6 18. Re3 Ra6 19. Rg3 Rbb6 20. Rxg5
Rb4 21. Qe3 f6 22. Rh5 Qf7 23. Qh3 Bxh3 24. Rxh3 Rxa2 25. Re3 Rxb3 26. g3 Rbb2
27. Ree1 Rxf2 28. Rxf2 Rxf2 29. Kxf2 Qe6 30. Ra1 Qb6+ 31. Ke2 Qb2+ 32. Ke3 Qxa1
33. Kd2 Qb2+ 34. Ke3 Kh7 35. h3 Kg6 36. h4 Qd4+ 37. Kf3 Qxd3+ 38. Kg4 Qxe4+ 39.
Kh3 Qf5+ 40. g4 Qf3+ 41. Kh2 Qxg4 42. Kh1 Qxh4+ 43. Kg1 Kf5 44. Kf1 Qe4 45. Kf2
Kf4 46. c5 Qf3+ 47. Kg1 Kg3 48. c6 Qg2# 0-1

[Event "CYCC U08"]
[Site "Windsor CAN"]
[Date "2016.07.07"]
[Round "5.114"]
[White "Yuen, Noah"]
[Black "Vo, Phu"]
[Result "1-0"]
[WhiteElo "1072"]
[BlackElo "1357"]
[PlyCount "83"]
[EventDate "2016.07.05"]
[EventType "swiss"]
[EventRounds "7"]
[EventCountry "CAN"]

1. c4 e5 2. g3 Nf6 3. d3 Nc6 4. Nc3 Bb4 5. Bg2 O-O 6. Bg5 h6 7. Bxf6 Qxf6 8.
Nf3 d6 9. O-O Bg4 10. Nd5 Qd8 11. a3 Bxf3 12. Bxf3 Bc5 13. b4 Bd4 14. Rb1 Ne7
15. Nxe7+ Qxe7 16. Bxb7 Rab8 17. Bg2 Rb6 18. e3 Rfb8 19. exd4 c5 20. dxc5 dxc5
21. b5 a6 22. a4 a5 23. Re1 Rd8 24. f4 f6 25. fxe5 fxe5 26. Bd5+ Kh7 27. Rf1
Qg5 28. Qc1 Qg4 29. Qe3 Qd4 30. Qxd4 exd4 31. Rf7 Re8 32. Be4+ Kg8 33. Rbf1
Rbe6 34. Ra7 Rxe4 35. dxe4 Rxe4 36. b6 Re2 37. b7 Rb2 38. Ra8+ Kh7 39. b8=Q
Rxb8 40. Rxb8 g5 41. Rb6 h5 42. Rf7+ 1-0

[Event "CYCC U08"]
[Site "Windsor CAN"]
[Date "2016.07.07"]
[Round "5.115"]
[White "Zhong, Kevin"]
[Black "Chang, Alexander RZ"]
[Result "0-1"]
[WhiteElo "1335"]
[BlackElo "886"]
[PlyCount "82"]
[EventDate "2016.07.05"]
[EventType "swiss"]
[EventRounds "7"]
[EventCountry "CAN"]

1. e4 e5 2. Nf3 Nc6 3. Bc4 Bc5 4. c3 Nf6 5. d3 d6 6. Bb3 O-O 7. O-O Ne7 8. Re1
Ng6 9. h3 h6 10. Nbd2 b5 11. Nf1 Nh7 12. Ng3 Nh4 13. Bd2 Qf6 14. Nh5 Nxf3+ 15.
Qxf3 Qxf3 16. gxf3 Bxh3 17. Kh2 Bc8 18. Rg1 g5 19. Rg2 Kh8 20. Rd1 Be6 21. Be1
Bxb3 22. axb3 f5 23. d4 exd4 24. cxd4 Bb6 25. Bc3 Kg8 26. d5 fxe4 27. fxe4 Rxf2
28. Rxf2 Bxf2 29. Rf1 Rf8 30. Bg7 Rf7 31. Bxh6 Bd4 32. Rxf7 Kxf7 33. Ng3 Be5
34. Kh3 Bxg3 35. Kxg3 Kg6 36. Bxg5 Kxg5 37. b4 Nf8 38. b3 Ng6 39. Kf3 Ne5+ 40.
Ke3 Kg4 41. Kd4 Kf4 0-1

[Event "CYCC U08"]
[Site "Windsor CAN"]
[Date "2016.07.07"]
[Round "5.117"]
[White "Zhang, Angus"]
[Black "Qin, Vincent"]
[Result "0-1"]
[WhiteElo "1031"]
[BlackElo "1168"]
[PlyCount "92"]
[EventDate "2016.07.05"]
[EventType "swiss"]
[EventRounds "7"]
[EventCountry "CAN"]

1. e4 e5 2. Nf3 Nc6 3. Bc4 Bc5 4. Nc3 Nf6 5. d3 d6 6. h3 O-O 7. O-O h6 8. Be3
Bxe3 9. fxe3 a6 10. d4 b5 11. Bb3 Re8 12. d5 Ne7 13. a4 b4 14. Ne2 c6 15. c4
bxc3 16. bxc3 Bb7 17. c4 Nxe4 18. Bc2 cxd5 19. cxd5 Bxd5 20. Nd2 Nc5 21. Bb1
Nc6 22. e4 Be6 23. Ng3 Qh4 24. Nf5 Bxf5 25. exf5 Qd4+ 26. Kh1 Qxa1 27. Qg4 Qxa4
28. Qg3 f6 29. Rf3 Qd1+ 30. Kh2 Qxd2 31. Qg4 Qb4 32. Qg6 Ne7 33. Qh5 Qxb1 34.
Rg3 Qxf5 35. Qxh6 Qh7 36. Qd2 Ne4 37. Qa2+ d5 38. Rg4 f5 39. Rg3 Nxg3 40. Kxg3
f4+ 41. Kf2 Rec8 42. Qa4 Rc2+ 43. Kg1 Qg6 44. g4 fxg3 45. Qh4 Qb6+ 46. Kf1 Qb1#
0-1

[Event "CYCC U08"]
[Site "Windsor CAN"]
[Date "2016.07.07"]
[Round "5.118"]
[White "Li, Adam"]
[Black "Wang, Daniel"]
[Result "0-1"]
[WhiteElo "414"]
[BlackElo "1144"]
[PlyCount "162"]
[EventDate "2016.07.05"]
[EventType "swiss"]
[EventRounds "7"]
[EventCountry "CAN"]

1. e4 c5 2. Nf3 g6 3. d4 cxd4 4. Nxd4 Nc6 5. Nxc6 bxc6 6. c4 Bg7 7. Nc3 d6 8.
Qc2 Nf6 9. Bg5 O-O 10. Bd3 Rb8 11. O-O h6 12. Be3 c5 13. Rfd1 Qc7 14. Rac1 Bb7
15. Nd5 Nxd5 16. exd5 Bc8 17. b3 e6 18. Qd2 exd5 19. cxd5 Bb7 20. Be4 Ba6 21.
Bxh6 Rfe8 22. Bf3 Be5 23. g3 Kh7 24. Bg2 Rh8 25. Bf1 Bxf1 26. Rxf1 Qd7 27. f4
Bd4+ 28. Kg2 Kxh6 29. f5+ Kg7 30. Qg5 Qd8 31. Qg4 Rb4 32. Rf4 Be3 33. Rxb4 cxb4
34. Rf1 Qa5 35. f6+ Kh7 36. Qh3+ Bh6 37. Kg1 Qxd5 38. Rf4 Re8 39. Rf1 Qe6 40.
Qh4 Qe3+ 41. Rf2 Qe4 42. g4 g5 43. Qh5 Qg6 44. Qh3 Re1+ 45. Rf1 Rxf1+ 46. Qxf1
Qc2 47. Qa6 Qc7 48. Qd3+ Kg8 49. Qe4 Qa5 50. Qe8+ Bf8 51. Qe3 Qc5 52. Qxc5 dxc5
53. Kf2 Kh7 54. Ke3 Kg6 55. Ke4 Kxf6 56. Kd5 Kg6 57. Ke5 f6+ 58. Ke6 a5 59. h3
Kg7 60. Kd7 Kf7 61. Kc6 Ke6 62. Kb5 f5 63. gxf5+ Kxf5 64. Kxa5 Kf4 65. Kb5 Kg3
66. Kc4 Kxh3 67. Kd3 g4 68. Ke2 Kh2 69. a4 bxa3 70. b4 g3 71. b5 g2 72. b6 g1=Q
73. b7 Bd6 74. Kd3 a2 75. Kc4 a1=Q 76. Kd5 Qg2+ 77. Kxd6 Qxb7 78. Kxc5 Qa5+ 79.
Kc4 Qe4+ 80. Kb3 Qab4+ 81. Ka2 Qeb1# 0-1

[Event "CYCC U08"]
[Site "Windsor CAN"]
[Date "2016.07.07"]
[Round "5.119"]
[White "Chandra, Anand Rishi"]
[Black "Ning, Eric"]
[Result "1/2-1/2"]
[WhiteElo "1310"]
[BlackElo "1634"]
[PlyCount "143"]
[EventDate "2016.07.05"]
[EventType "swiss"]
[EventRounds "7"]
[EventCountry "CAN"]

1. e4 c5 2. Nf3 Nc6 3. d4 cxd4 4. Nxd4 Nf6 5. Nc3 e5 6. Nxc6 bxc6 7. a3 Bc5 8.
Bg5 Bxf2+ 9. Kxf2 Qb6+ 10. Ke1 Qxb2 11. Bd2 d6 12. Qb1 Rb8 13. Qxb2 Rxb2 14.
Bd3 O-O 15. Rb1 Rxb1+ 16. Nxb1 d5 17. Nc3 d4 18. Ne2 Be6 19. Ng3 c5 20. Bg5 Nd7
21. Bb5 Nb6 22. Kf2 f6 23. Bd2 c4 24. Ba5 Rc8 25. Bxb6 axb6 26. a4 g6 27. Rb1
f5 28. Ba6 Rc6 29. Bb5 Rd6 30. exf5 gxf5 31. Rb4 d3 32. cxd3 cxd3 33. Ke1 d2+
34. Kd1 e4 35. Ne2 f4 36. Nxf4 Bg4+ 37. Ne2 Bxe2+ 38. Bxe2 e3 39. Re4 Rg6 40.
g3 Rd6 41. Rxe3 Rd4 42. Rd3 Rxa4 43. Kxd2 Rb4 44. Kc2 Kg7 45. Rb3 Rxb3 46. Kxb3
Kf6 47. Bd3 h6 48. h4 Ke5 49. h5 Kd4 50. Bf5 Ke5 51. g4 Kf6 52. Kb4 Kg5 53. Kb5
Kf6 54. Kxb6 Kg5 55. Kc6 Kf6 56. Kd6 Kf7 57. Kd7 Kf8 58. Ke6 Ke8 59. Kf6 Kf8
60. Be6 Ke8 61. Kg6 Ke7 62. Kxh6 Kf6 63. g5+ Kxe6 64. Kg7 Kf5 65. g6 Kg5 66. h6
Kh5 67. h7 Kg5 68. h8=Q Kf5 69. Kf7 Kg5 70. Qf6+ Kg4 71. g7 Kh5 72. g8=R
1/2-1/2

[Event "CYCC U08"]
[Site "Windsor CAN"]
[Date "2016.07.07"]
[Round "5.123"]
[White "Li, Eric M"]
[Black "Mane, Arnav"]
[Result "1-0"]
[WhiteElo "947"]
[BlackElo "675"]
[PlyCount "135"]
[EventDate "2016.07.05"]
[EventType "swiss"]
[EventRounds "7"]
[EventCountry "CAN"]

1. d4 d5 2. c4 Nf6 3. cxd5 Nxd5 4. Nf3 Nc6 5. e4 Nf6 6. Nc3 Bg4 7. Be3 e5 8.
Bb5 a6 9. Bxc6+ bxc6 10. dxe5 Qxd1+ 11. Rxd1 Bxf3 12. gxf3 Nd7 13. Bf4 Rb8 14.
Na4 Bb4+ 15. Bd2 Bxd2+ 16. Rxd2 Nxe5 17. Ke2 Rb4 18. b3 O-O 19. Rhd1 Rbb8 20.
h4 Ng6 21. h5 Nf4+ 22. Ke3 Nxh5 23. Nc5 Nf6 24. Nxa6 Rbc8 25. Rc1 Rfd8 26.
Rxd8+ Rxd8 27. Nxc7 Rd6 28. e5 Nd5+ 29. Nxd5 Rxd5 30. Rxc6 Rxe5+ 31. Kd4 Re8
32. b4 h6 33. a4 Rd8+ 34. Kc5 Rb8 35. b5 Ra8 36. Ra6 Rc8+ 37. Kb4 Kf8 38. b6
Ke7 39. b7 Rb8 40. Rb6 Kd7 41. Kb5 Kc7 42. Ka6 h5 43. Rb4 h4 44. Rxh4 Rxb7 45.
Rh7 Rb6+ 46. Ka5 Rb8 47. Rxg7 Kc6 48. Rxf7 Rb1 49. f4 Rb8 50. f5 Rb2 51. f6
Rxf2 52. Rf8 Kd6 53. Kb6 Ke6 54. a5 Rb2+ 55. Ka7 Rf2 56. a6 Rb2 57. Ka8 Rb6 58.
a7 Kd7 59. Rb8 Rxf6 60. Kb7 Rf7 61. a8=Q Kd6+ 62. Kb6 Rc7 63. Rd8+ Ke7 64. Kxc7
Ke6 65. Re8+ Kf7 66. Rf8+ Kg6 67. Qg2+ Kh5 68. Rh8# 1-0

[Event "CYCC U08"]
[Site "Windsor CAN"]
[Date "2016.07.07"]
[Round "5.124"]
[White "Guo, Yu Chen"]
[Black "Chen, Andrew"]
[Result "1-0"]
[WhiteElo "495"]
[BlackElo "799"]
[PlyCount "101"]
[EventDate "2016.07.05"]
[EventType "swiss"]
[EventRounds "7"]
[EventCountry "CAN"]

1. e4 d5 2. exd5 Nf6 3. Nc3 Nxd5 4. Bc4 Nxc3 5. dxc3 Qxd1+ 6. Kxd1 e5 7. Nf3
Bg4 8. Re1 Bxf3+ 9. gxf3 Nc6 10. f4 O-O-O+ 11. Bd2 exf4 12. f3 f6 13. Be6+ Kb8
14. Bf7 Ne5 15. Bb3 Nxf3 16. Re2 Bc5 17. Ba4 c6 18. b4 Bb6 19. c4 Rhe8 20. Kc1
Rxe2 21. Bxf4+ Ka8 22. c5 Re1+ 23. Kb2 Bxc5 24. bxc5 Rxa1 25. Kxa1 b5 26. cxb6
axb6 27. Bxc6+ Ka7 28. Bxf3 g5 29. Be3 Re8 30. Bf2 Kb8 31. Bxb6 Re6 32. Bf2 Re5
33. Bg3 Ka7 34. Bxe5 fxe5 35. Kb2 Kb6 36. Kc3 Kc5 37. Kd3 Kd6 38. Ke4 Ke6 39.
a4 Kd6 40. c4 Kc5 41. a5 Kxc4 42. a6 Kb5 43. a7 Kc4 44. a8=Q Kc5 45. Kxe5 Kc4
46. Qd5+ Kc3 47. Qd4+ Kb3 48. Bd5+ Kc2 49. Be4+ Kb3 50. Qc5 Ka4 51. Bc2# 1-0